| 000 | 00980nam a22003137a 4500 | ||
|---|---|---|---|
| 999 |
_c200453907 _d72119 |
||
| 001 | 200453907 | ||
| 003 | TR-AnTOB | ||
| 005 | 20230814120401.0 | ||
| 007 | ta | ||
| 008 | 230814s2021 tu a|||j |||| 00| j tur d | ||
| 020 | _a9786057037015 | ||
| 040 |
_aTR-AnTOB _beng _erda _cTR-AnTOB |
||
| 041 | 1 |
_atur _heng |
|
| 092 |
_a808.068 _bSTRt 2021 |
||
| 100 | 1 |
_aStreich, Michel _eauthor _eillustrator _9142819 |
|
| 240 | 1 | 0 | _aScary bird |
| 245 | 1 | 0 |
_aTuhaf kuş / _cYazan ve Resimleyen: Michel Streich ; Çeviren: Arzu Sarı. |
| 250 | _a1. baskı | ||
| 264 | 1 |
_aİstanbul : _bPuis Yayıncılık, _c2021. |
|
| 300 |
_a[32] pages : _billustrations ; _c23 cm. |
||
| 336 |
_2rdacontent _atext _btxt |
||
| 337 |
_2rdamedia _aunmediated _bn |
||
| 338 |
_2rdacarrier _avolume _bnc |
||
| 653 |
_aÇocuk edebiyatı _aÇocuk hikayeleri _aKuşlar _aFarklılıklar |
||
| 700 |
_aSarı, Arzu _etranslator _9109535 |
||
| 942 |
_2ddc _cBK |
||